000 01210naa a22003257a 4500
001 BR7602568
003 BR-BrBNA
005 20240918173832.0
007 ta
008 230509b bl.||||| |||| 00| 0 por d
040 _aBR-BrBNA
_bpor
_cBiblioteca Nacional de Agricultura
041 _a(Pt)
072 _aH10
_b2120
_b4020
_bG514
090 _aH10 BR7602568
100 1 _aReis, P.R.
100 1 _aLima, J.O.G. de
100 1 _aSouza, J.C. de
100 1 _aSalgado, L.O.
245 1 _aFlutuacao populacional da broca-do-cafe, Hypothenemus hampei (Coleoptera Scolytidae), sua correlacao com dados climaticos (temperatura do ar, precipitacao e umidade relativa do ar)e condicoes fisiograficas [Coffea arabica; Minas Gerais; Brasil]
260 3 _aBelo Horizonte, MG (Brasil):
_c1976.
500 _aProjeto cafe. Relatorio anual 74/75 Belo Horizonte, MG (Brasil): 1976. p. 39-45 (BR7602568-AM)H10
650 _aPraga de planta
650 _aCafe
650 _aBroca
650 _aBiologia
650 _aMinas Gerais
773 0 _tProjeto cafe. Relatorio anual 74/75
_wH10 BR7602568
_gBelo Horizonte, MG (Brasil), 1976. p. 39-45
909 _a202404
_bLucia
_c55
_dLucia Elande
942 _cAM
_2AGRIS
999 _c307190
_d307190